Coniectvrarvm Ivris Civilis Lib. Xiij. Xiiij. XV. XVj. : Antonii Fabri I. C. Sebvsiani Sabavdi Senatoris Et In Gebennensis Dvcatvs Avditorio Praesidis, Coniectvrarvm Ivris Civilis Lib. Xiij. Xiiij. XV. XVj. In quibus, vt in prioribus difficiliores plerique iuris loci nouis c(ú)m interpretationibus, t(ú)m emendationibus explicantur. Ad amplissimos viros Manfredum Goueanum, Ioannem, Vaudum, Fabricium de Caeua, & M. Antonium Siuorium praestantissimos Iureconsultos.

Podrobná bibliografia
Hlavný autor: Favre, Antoine, 1557-1624 (Dedicator)
Korporácia: knižnice - Východoslovenské múzeum (Signer), Le Fevre, François (Printer)
Ďalší autori: Goveanus, Manfredus (Dedicatee), Goveanus, Antonius (Other), Vaudus, Ioannes (Dedicatee), Caeva, Fabricius De (Dedicatee), Sivorius, Antonius (Dedicatee), Dussen, Theodor vander, 1611 (Signer)
Médium: Kniha
Jazyk:Latin
Vydané: Lvgdvni : Apvd Franciscvm Fabrvm., M. DCII. [=1602]
Témy:
Signatúra: GR 351
LEADER 03588nam a2200481 a 4500
001 000004607
005 20060221130331.0
008 051221s1602 fr e lat
FMT
040 |a SVKKK  |b slo  |c SVKKK  |e AACR2 
041 0 |a lat 
044 |a fr  |c FR 
080 |a 347 
100 1 |a Favre, Antoine,  |d 1557-1624  |4 aut 
245 1 0 |a Coniectvrarvm Ivris Civilis Lib. Xiij. Xiiij. XV. XVj. :  |b Antonii Fabri I. C. Sebvsiani Sabavdi Senatoris Et In Gebennensis Dvcatvs Avditorio Praesidis, Coniectvrarvm Ivris Civilis Lib. Xiij. Xiiij. XV. XVj. In quibus, vt in prioribus difficiliores plerique iuris loci nouis c(ú)m interpretationibus, t(ú)m emendationibus explicantur. Ad amplissimos viros Manfredum Goueanum, Ioannem, Vaudum, Fabricium de Caeua, & M. Antonium Siuorium praestantissimos Iureconsultos. 
260 |a Lvgdvni :  |b Apvd Franciscvm Fabrvm.,  |c M. DCII. [=1602] 
300 |a [32],382,[2] s. Ţ/8,ŢŢ/8,A/8-Z/8,AA/8 [=208] list.  |c 8°. 25x17,5 cm 
500 |a Signet tlačiara, vinety ornam.-fig., vlysy ornam.-fig., linky, inic. s ornam. pozadím vo voľ. priestore na 3, 4, 5, 6 r., inic. s ornam.-fig. pozadím vo voľ. priestore na 5 r., verz. na 2 r., titl. list s červeno-čiernou tlačou, tlač dvojstĺpcová (registre), kustódy. 
500 |a Chybné stránkovanie: nam. s. 176 je s. 170; 323 je 325; 326 je 320; 379 je 397. 
504 |a Na zl. Ţ/6-ŢŢ/5a "Index Legvm Avt Explicatarvm Avt Emendatarvm Secvndvm Seriem Pandectarum". Na zl. ŢŢ/5 menný register. Na zl. ŢŢ/6-ŢŢ/8a "Index Rervm, Et Verborvm, Ac Sententiarvm Qvae In His Qvatvor Antonii Fabri coniecturarum libris continentur ..." 
508 |a Na zl. Ţ/2-Ţ/3 ded. autora "... Manfredo Goveano Antonii Filio Sereniss. Savavdiae Dvcis Ab Intimis Consiliis, Et In Pedemontana Curia Senatori ..." v závere s textom: "Dat. Camber. 4. Cal. April. 1597". Na zl. E/3 ded. autora "... Ioanni Vavdo Serenissimi Sabavdiae Dvcis Consiliario, In Senatv Pedemontano Senatori & in Taurinensi Academia Iurisprudentiae professori Primario ..." v závere s textom: "Dat. Camber. Id. April. 1597". Na zl. K/3 ded. autora "... Fabricio De Caeva In Tavrinensi Academia Vespertino iuris ciuilis Professori ..." v závere s textom: "Dat. Camber. 4. Cal. Maias 1597". Na zl. R/6 ded. autora "... Antonio Sivorio Genvensi In Tavrinensi Academia Potificii Ivris professori ..." v závere s textom: "Dat. Camber. 7. Cal. Iun. 1597". 
561 |a Peč. Štátna vedecká knižnica v Košiciach - A Kassai Muzeum Könyvtára. Rkp.: Theod. vandr Dussen. 1611. 
563 |a Pôvodná - lepenka, pergamen s rámc. link. slepotlačou. 
501 |a Prív. 1.: FAVRE, A.: Coniecturarum Iuris Ciuilis Pars quarta Lib. XVII, XVIII, XIX, (et) XX. continens. - Lvgdvni, Samuel Crispin, 1607, 4°, 8°. 
501 |a Prív. 2.: FAVRE, A.: Coniectvrarvm Ivris Civilis Libri XIX Et XX. - Lvgdvni, Samuel Crispin, 1605, 8°. 
653 1 |a právo občianske 
700 1 |a Favre, Antoine,  |d 1557-1624  |4 dto 
700 1 |a Goveanus, Manfredus  |4 dte 
700 1 |a Goveanus, Antonius  |4 oth 
700 1 |a Vaudus, Ioannes  |4 dte 
700 1 |a Caeva, Fabricius De  |4 dte 
700 1 |a Sivorius, Antonius  |4 dte 
700 1 |a Dussen, Theodor vander,  |d 1611  |4 sgn 
710 0 |a knižnice - Východoslovenské múzeum  |c Košice  |4 sgn 
710 0 |a Le Fevre, François  |c Lyon  |d 1587-1607  |4 prt 
752 |a Francúzsko  |d Lyon 
852 |p GR 351 
904 |a cef-y---ada------yyyb-1101-- 
905 |a af-a1bb- 
910 |a svkkk 
997 |a Faber, Franciscus p. Le Fevre, François  |4 prt 
998 |a ST17 
BAS